000 00828nab a2200241 u 4500
001 08680
003 HDC
007 cr bn ---aaaaa
008 210130c mydr|nes 0 a may d
040 _aHDC
100 _aNOOR DIANA AZIS
_eauthor
_99177
245 0 _aLiquid C1 :
_bTelefon pintar pertama berkuasa Intel Inside /
_cby NOOR DIANA AZIS
260 _aKuala Lumpur :
_bUTUSAN MALAYSIA,
_c2013
336 _atext
_2rdacontent
337 _acomputer
_2rdamedia
338 _aonline resource
_2rdacarrier
650 _aMobile industry
_99178
650 _aTechnology development
_95779
856 _zRequest full-text at [email protected]
942 _2lcc
942 _cNEWS
942 _kNWSC 001352
999 _c6003
_d6003